00455nam a2200193Ia 4500008004100000020001800041050001400059100001800073245001400091245001800105260001500123260001600138260000900154300001500163300002700178300001000205440003800215500000800253170918s9999 xx 000 0 und d a9780545572705 bT888 2014 aTuchman, Gail aPlanets / cGail Tuchman. aNew York : bScholastic, c2014 a32 pages : bcolored illustration ; c23cm. aScholastic discover more readers. a400